000 02029nam a22002414a 4500
999 _c29144
_d263644
003 OSt
005 20181108101409.0
008 130316s14392018su ||||g aci| 00| 0 ara d
040 _ama-un
_bara
_cجامعة المجمعة
082 _221
_a237.6
_bع س أ
100 _aالعصيمي، سلمي بنت عبدالله بن علي
_965024
245 _aالأحاديث والآثار الواردة في كتاب أحكام القرآن الكريم للطحاوي :
_bمن تأويل قوله تعالي (وَأَتِمُّوا الْحَجَّ وَالْعُمْرَةَ لِلَّهِ) البقرة 196 الي نهاية الحديث رقم 1711 : تخريجا ودراسة /
_cإعداد سلمي بنت عبدالله بن علي العصيمي ؛ إشراف الدكتور صالح بن عبدالله الصياح.
260 _aالمجمعة :
_bجامعة المجمعة، كلية التربية بالمجمعة - قسم الدراسات الإسلامية،
_c2018 ، 1439
300 _a333 ورقة .
_c30 سم
_e CD-ROM
500 _aرسالة مقدمة لإستكمال متطلبات الحصول على درجة الماجستير في الحديث وعلومه في قسم الدراسات الإسلامية.
505 _aمن تأويل قوله تعالي (وَأَتِمُّوا الْحَجَّ وَالْعُمْرَةَ لِلَّهِ) البقرة 169 إلي نهاية الحديث رقم (1711) من باب تأويل قوله تعالي : (فَمَن تَمَتَّعَ بِالْعُمْرَةِ إِلَى الْحَجِّ فَمَا اسْتَيْسَرَ مِنَ الْهَدْيِ) البقرة 196*
600 _aالطحاوي، أحمد بن محمد بن سلامة بن سلمة الأزديّ
_d238 - 321هـ، 852 - 933م
_965025
650 _9396
_aالحديث
_xتخريج.
650 _aالحديث
_xمستخرجات
_965028
650 _aالقرآن
_xأحكام
_965026
700 _aالصياح، صالح بن عبدالله،
_eمشرف
_965027
942 _2ddc
_cTHESIS